مسجد السيدة نفيسة(20 دقيقة) / (Record no. 33745)
[ view plain ]
| 000 -الفاتح | |
|---|---|
| حقل البيانات ثابتة الطول | 00607nam a2200181Ia 4500 |
| 008 - عناصر البيانات ثابتة الطول - معلومات عامة | |
| حقل البيانات ثابتة الطول | 140319s9999 xx 000 0 ara d |
| 040 ## - مصدر الفهرسة | |
| وكالة الفهرسة الأصلية | GCL / |
| وكالة النسخ | GCL |
| 082 04 - رقم تصنيف ديوى العشرى | |
| رقم التصنيف | افلام ت |
| رقم المادة | 13 |
| 100 1# - المدخل الرئيسى - إسم شخصى | |
| الإسم الشخصى | حسين الطيب (مخرج) |
| 245 10 - بيان العنوان | |
| العنوان | مسجد السيدة نفيسة(20 دقيقة) / |
| بيان المسئوليه,etc | حسين الطيب (مخرج) |
| 700 1# - المدخل الاضافى - اسم شخصى | |
| الإسم الشخصى | عماد فريد (مصور) |
| 260 ## - PUBLICATION, DISTRIBUTION, ETC. (IMPRINT) | |
| تاريخ النشر أو التوزيع | 1981 |
| 650 04 - المدخل الاضافى بالموضوع-مصطلح موضوعى | |
| مصطلح موضوعي | شرائط فيديو |
| 650 04 - المدخل الاضافى بالموضوع-مصطلح موضوعى | |
| مصطلح موضوعي | افلام تسجيلية |
| 650 04 - المدخل الاضافى بالموضوع-مصطلح موضوعى | |
| مصطلح موضوعي | مسجد السيدة نفيسة |
| 942 ## - عناصر المدخل الإضافي( كوها) | |
| مصدر التصنيف او مخطط الترفيف | Dewey Decimal Classification |
| Koha [default] item type | المواد السمعية والبصرية |
| 260 ## - PUBLICATION, DISTRIBUTION, ETC. (IMPRINT) | |
| -- | [S.N] : |
| -- | المركز القومى للسينما ، |
| حالة التراجع | حالة الفقد | حالة تلف | ليس للاعارة | المكان المؤقت | الموقع الحالى | تاريخ الاكتساب | اجمالي اﻻعارات | رقم الطلب | الباركود | تاريخ اخر مشاهدة | تاريخ تفعيل السعر | نوع وعاء كوها |
|---|---|---|---|---|---|---|---|---|---|---|---|---|
| مكتبة القاهرة الكبرى | مكتبة القاهرة الكبرى | 03/26/2014 | افلام ت\13 | 80283 | 03/26/2014 | 03/26/2014 | المواد السمعية والبصرية | |||||
| مكتبة القاهرة الكبرى | مكتبة القاهرة الكبرى | 03/26/2014 | افلام ت\13 | 80284 | 03/26/2014 | 03/26/2014 | المواد السمعية والبصرية | |||||
| مكتبة القاهرة الكبرى | مكتبة القاهرة الكبرى | 03/26/2014 | افلام ت\13 | 80285 | 03/26/2014 | 03/26/2014 | المواد السمعية والبصرية |

